Library of the University of Algiers 3
Ibrahim Sultan Cheibout
شعار جامعة الجزائر 3
مكتبة جامعة الجزائر 3
إبراهيم سلطان شيبوط

المحاسبة الحكومية : (رقم التسجيلة. 42748)

تفاصيل مارك
000 -LEADER
fixed length control field 02175nam a2200229Ia 4500
003 - CONTROL NUMBER IDENTIFIER
control field Ost
005 - DATE AND TIME OF LATEST TRANSACTION
control field 20260507075057.0
008 - FIXED-LENGTH DATA ELEMENTS--GENERAL INFORMATION
fixed length control field 260507s9999||||xx |||||||||||||| ||und||
020 ## - INTERNATIONAL STANDARD BOOK NUMBER
International Standard Book Number 7188069957
040 ## - CATALOGING SOURCE
Transcribing agency fsecg
041 ## - LANGUAGE CODE
Language code of text/sound track or separate title ara
082 ## - DEWEY DECIMAL CLASSIFICATION NUMBER
Classification number 657.835
100 ## - MAIN ENTRY--PERSONAL NAME
Personal name احمرو، إسماعيل حسين
Relator term مؤلف
245 #0 - TITLE STATEMENT
Title المحاسبة الحكومية :
Remainder of title من التقليد إلى الحداثة /
Statement of responsibility, etc. إسماعيل حسين احمرو
260 ## - PUBLICATION, DISTRIBUTION, ETC.
Place of publication, distribution, etc. عمان:
Name of publisher, distributor, etc. دار المسيرة,
Date of publication, distribution, etc. 2003
300 ## - PHYSICAL DESCRIPTION
Extent 335 صفحة؛
Other physical details إيضاحات ؛
Dimensions 24 سم
504 ## - BIBLIOGRAPHY, ETC. NOTE
Bibliography, etc. note بيبليوغرافيا ص.321
520 ## - SUMMARY, ETC.
Summary, etc. أساسيات في المحاسبة الحكومية،أنواع وحدات الجهاز الحكومي وطبيعة أنشطتها،مفهوم المحاسبة الحكومية وخصائصها،نظام المحاسبة الحكومية،نظام الموازنة العامة،المفاهيم الأساسية في نظام الموازنة العامة،إعداد الموازنة العامة في المملكة الأردنية الهاشمية وتنفيذها،الأساليب الحديثة لإعداد الموازنة العامة،النظام المحاسبي الحكومي،المفاهيم الأساسية في النظام المحاسبي الحكومي،تطبيق نظرية الأموال المخصصة في الوحدات الحكومية،النظام المحاسبي الحكومي في المملكة الأردنية الهاشمية-نظام الرقابة على المال العام،أساليب تحديث المحاسبة الحكومية،تحديث الموازنة العامة بتطبيق أسلوب الموازنة،تحديث النظام المحاسبي الحكومي بما يتلائم مع أسلوب موازنة البرامج والأداء،الأساليب الحديثة للرقابة على المال العام
653 ## - INDEX TERM--UNCONTROLLED
Uncontrolled term المحاسبة الحكومية
653 ## - INDEX TERM--UNCONTROLLED
Uncontrolled term الموازنة العامة
942 ## - ADDED ENTRY ELEMENTS (KOHA)
Koha item type كتب
المقتنيات
Withdrawn status Lost status Source of classification or shelving scheme Damaged status Not for loan Home library Current library Date acquired Serial enumeration / chronology Inventory number Total checkouts Full call number Barcode Date last seen Price effective from Koha item type
    Dewey Decimal Classification   NOT LOAN / إعارة داخلية مكتبة كلية العلوم الإقتصادية والعلوم التجارية وعلوم التسيير مكتبة كلية العلوم الإقتصادية والعلوم التجارية وعلوم التسيير 07/05/2026 الطابق الأرضي 1024/1   أ/1024ن1 1024/1 07/05/2026 07/05/2026 كتب
    Dewey Decimal Classification   Available مكتبة كلية العلوم الإقتصادية والعلوم التجارية وعلوم التسيير مكتبة كلية العلوم الإقتصادية والعلوم التجارية وعلوم التسيير 07/05/2026 الطابق الأرضي 1024/2   أ/1024ن2 1024/2 07/05/2026 07/05/2026 كتب
    Dewey Decimal Classification   Available مكتبة كلية العلوم الإقتصادية والعلوم التجارية وعلوم التسيير مكتبة كلية العلوم الإقتصادية والعلوم التجارية وعلوم التسيير 07/05/2026 الطابق الأرضي 1024/3   أ/1024ن3 1024/3 07/05/2026 07/05/2026 كتب
    Dewey Decimal Classification   Available مكتبة كلية العلوم الإقتصادية والعلوم التجارية وعلوم التسيير مكتبة كلية العلوم الإقتصادية والعلوم التجارية وعلوم التسيير 07/05/2026 الطابق الثاني 1024/4   أ/1024ن4 1024/4 07/05/2026 07/05/2026 كتب
    Dewey Decimal Classification   Available مكتبة كلية العلوم الإقتصادية والعلوم التجارية وعلوم التسيير مكتبة كلية العلوم الإقتصادية والعلوم التجارية وعلوم التسيير 07/05/2026 الطابق الثاني 1024/5   أ/1024ن5 1024/5 07/05/2026 07/05/2026 كتب

موارد الويب المفتوحة


© University of Algiers 3 All Rights Reserved
|
Implemented by LECHELAH Riad